<?xml version="1.0" encoding="UTF-8"?><?xml-stylesheet type="text/xsl" href="static/style.xsl"?><OAI-PMH xmlns="http://www.openarchives.org/OAI/2.0/" xmlns:xsi="http://www.w3.org/2001/XMLSchema-instance" xsi:schemaLocation="http://www.openarchives.org/OAI/2.0/ http://www.openarchives.org/OAI/2.0/OAI-PMH.xsd"><responseDate>2026-06-29T07:34:25Z</responseDate><request verb="GetRecord" identifier="oai:docta.ucm.es:20.500.14352/125303" metadataPrefix="marc">https://docta.ucm.es/rest/oai/request</request><GetRecord><record><header><identifier>oai:docta.ucm.es:20.500.14352/125303</identifier><datestamp>2025-10-24T00:18:03Z</datestamp><setSpec>com_20.500.14352_14</setSpec><setSpec>col_20.500.14352_15</setSpec></header><metadata><record xmlns="http://www.loc.gov/MARC21/slim" xmlns:dcterms="http://purl.org/dc/terms/" xmlns:xsi="http://www.w3.org/2001/XMLSchema-instance" xmlns:doc="http://www.lyncode.com/xoai" xsi:schemaLocation="http://www.loc.gov/MARC21/slim http://www.loc.gov/standards/marcxml/schema/MARC21slim.xsd">
   <leader>00925njm 22002777a 4500</leader>
   <datafield ind2=" " ind1=" " tag="042">
      <subfield code="a">dc</subfield>
   </datafield>
   <datafield ind2=" " ind1=" " tag="720">
      <subfield code="a">Fernández Fernández, María De La Cabeza</subfield>
      <subfield code="e">author</subfield>
   </datafield>
   <datafield ind2=" " ind1=" " tag="720">
      <subfield code="a">Sánchez Gómez-Serranillos, Marta</subfield>
      <subfield code="e">author</subfield>
   </datafield>
   <datafield ind2=" " ind1=" " tag="720">
      <subfield code="a">Caceres, Armando</subfield>
      <subfield code="e">author</subfield>
   </datafield>
   <datafield ind2=" " ind1=" " tag="720">
      <subfield code="a">Iglesias Peinado, Irene</subfield>
      <subfield code="e">author</subfield>
   </datafield>
   <datafield ind2=" " ind1=" " tag="720">
      <subfield code="a">Gómez-Serranillos Cuadrado, María Pilar</subfield>
      <subfield code="e">author</subfield>
   </datafield>
   <datafield ind2=" " ind1=" " tag="260">
      <subfield code="c">2023-01-12</subfield>
   </datafield>
   <datafield ind2=" " ind1=" " tag="520">
      <subfield code="a">B. crassifolia is a species that grows in various areas of Latin America. It was known to be useful for the treatment of different human ailments. The present work evaluated the neuropharmacological and analgesic effects of hydroalcoholic and dichloromethane extracts of B. crassifolia. The effect on the central nervous system (CNS) of both extracts obtained from bark, administered by the intraperitoneal route in mice, was evaluated by different tests: spontaneous motor activity, hole-board, motor coordination, pentobarbital induced hypnosis, and rectal temperature. Analgesic activity was evaluated using a hot plate test. Phytochemical analysis was performed by high-performance liquid chromatography (HPLC) using reversed-phase and gradient of elution. The hydroalcoholic extract (dose 0.5 g dry plant/kg weigh) administration caused an important reduction of the head-dipping response in the hole board test. A decrease in spontaneous motor activity test and a disturbance of motor coordination in the rotarod test was observed. The hydroalcoholic extract produced a significant prolongation of pentobarbital induced sleeping time. This extract prevented hot plate test induced nociception. The phytochemical analysis revealed the presence of catechin, epicatechin, and procyanidin B12. Therefore, this study revealed that the hydroalcoholic extract of B. crassifolia possesses analgesic and sedative CNS activity.</subfield>
   </datafield>
   <datafield ind1="8" ind2=" " tag="024">
      <subfield code="a">de la Cabeza Fernández, M.; Sánchez, M.; Caceres, A.; Iglesias, I.; Gómez-Serranillos, M.P. Neuropharmacological Effects in Animal Models and HPLC- Phytochemical Profiling of Byrsonima crassifolia (L.) Kunth Bark Extracts. Molecules 2023, 28, 764. https:// doi.org/10.3390/molecules28020764</subfield>
   </datafield>
   <datafield ind1="8" ind2=" " tag="024">
      <subfield code="a">10.3390/molecules28020764</subfield>
   </datafield>
   <datafield ind1="8" ind2=" " tag="024">
      <subfield code="a">https://hdl.handle.net/20.500.14352/125303</subfield>
   </datafield>
   <datafield ind1="8" ind2=" " tag="024">
      <subfield code="a">https://doi.org/10.3390/molecules28020764</subfield>
   </datafield>
   <datafield ind2="0" ind1="0" tag="245">
      <subfield code="a">Neuropharmacological Effects in Animal Models and HPLC-Phytochemical Profiling of Byrsonima crassifolia (L.) Kunth Bark Extracts</subfield>
   </datafield>
</record></metadata></record></GetRecord></OAI-PMH>